Tire and vehicle dynamics / (Record no. 33009)

000 -LEADER
fixed length control field 04655cam a2200541Ia 4500
001 - CONTROL NUMBER
control field 11634139
003 - CONTROL NUMBER IDENTIFIER
control field OSt
005 - DATE AND TIME OF LATEST TRANSACTION
control field 20211110155828.0
006 - FIXED-LENGTH DATA ELEMENTS--ADDITIONAL MATERIAL CHARACTERISTICS
fixed length control field m o d
007 - PHYSICAL DESCRIPTION FIXED FIELD--GENERAL INFORMATION
fixed length control field cr cn|||||||||
008 - FIXED-LENGTH DATA ELEMENTS--GENERAL INFORMATION
fixed length control field 120416s2012 enka ob 001 0 eng d
020 ## - INTERNATIONAL STANDARD BOOK NUMBER
International Standard Book Number 9780080970165
024 8# - OTHER STANDARD IDENTIFIER
Standard number or code 9786613611154
035 ## - SYSTEM CONTROL NUMBER
System control number (OCoLC)ocn785829133
035 ## - SYSTEM CONTROL NUMBER
System control number (OCoLC)785829133
Canceled/invalid control number (OCoLC)824745252
-- (OCoLC)868231791
037 ## - SOURCE OF ACQUISITION
Stock number 1106947:10998233
Source of stock number/acquisition Elsevier Science & Technology
Note http://www.sciencedirect.com
038 ## - RECORD CONTENT LICENSOR
Staff Name Khadija
040 ## - CATALOGING SOURCE
Original cataloging agency OPELS
Language of cataloging eng
Description conventions pn
Transcribing agency OPELS
Modifying agency CDX
-- COO
-- B24X7
-- OCLCQ
-- OCLCF
-- OTZ
-- OCLCO
-- UMI
-- VLB
-- DEBBG
-- DEBSZ
-- OCLCQ
049 ## - LOCAL HOLDINGS (OCLC)
Holding library ZCUA
050 #4 - LIBRARY OF CONGRESS CALL NUMBER
Classification number TL270
Item number .P33 2012
082 04 - DEWEY DECIMAL CLASSIFICATION NUMBER
Classification number 629.23
Edition number 23
Author Mark PAC
100 1# - MAIN ENTRY--PERSONAL NAME
Personal name Pacejka, H. B.
9 (RLIN) 83846
245 10 - TITLE STATEMENT
Title Tire and vehicle dynamics /
Statement of responsibility, etc. Hans B. Pacejka ; contributing author, Igo Besselink.
250 ## - EDITION STATEMENT
Edition statement 3rd ed.
260 ## - PUBLICATION, DISTRIBUTION, ETC.
Place of publication, distribution, etc. Oxford, UK ;
-- Waltham, MA :
Name of publisher, distributor, etc. Butterworth-Heinemann ;
Place of publication, distribution, etc. [Warrendale, PA] :
Name of publisher, distributor, etc. Distributed in conjunction with SAE International,
Date of publication, distribution, etc. 2012.
300 ## - PHYSICAL DESCRIPTION
Extent 1 online resource (xvi, 632 pages) :
Other physical details illustrations
504 ## - BIBLIOGRAPHY, ETC. NOTE
Bibliography, etc. note Includes bibliographical references (pages 593-601) and index.
505 0# - FORMATTED CONTENTS NOTE
Formatted contents note 1. Tire characteristics and vehicle handling and stability -- 2. Basic tire modeling considerations -- 3. Theory of steady-state slip force and moment generation -- 4. Semi-empirical tire models -- 5. Non-steady-state out-of-plane string-based tire models -- 6. Theory of the wheel shimmy phenomenon -- 7. Single contact point transient tire models -- 8. Applications of transient tire models -- 9. Short wavelength intermediate frequency tire model -- 10. Dynamic tire response to short road unevennesses -- 11. Motorcycle dynamics -- 12. Tire steady-state and dynamic test facilities -- 13. Outlines of three advanced dynamic tire models.
520 ## - SUMMARY, ETC.
Summary, etc. The definitive book on tire mechanics by the acknowledged world expert Covers everything you need to know about pneumatic tires and their impact on vehicle performance, including mathematic modeling and its practical application Written by the acknowledged world authority on the topic and the name behind the most widely used model, Pacejka's 'Magic Formula' Updated with the latest information on new and evolving tire models to ensure you can select the right model for your needs, apply it appropriately and understand its limitations In this well-known resource, leading tire model expert Hans Pacejka explains the relationship between operational variables, vehicle variables and tire modeling, taking you on a journey through the effective modeling of complex tire and vehicle dynamics problems. Covering the latest developments to Pacejka's own industry-leading model as well as the widely-used models of other pioneers in the field, the book combines theory, guidance, discussion and insight in one comprehensive reference. While the details of individual tire models are available in technical papers published by SAE, FISITA and other automotive organizations, Tire and Vehicle Dynamics remains the only reliable collection of information on the topic and the standard go-to resource for any engineer or researcher working in the area. New edition of the definitive book on tire mechanics, by the acknowledged world authority on the topicCovers everything an automotive engineer needs to know about pneumatic tires and their impact on vehicle performance, including mathematic modelling and its practical applicationMost vehicle manufacturers use what is commonly known as Pacejka's 'Magic Formula', the tire model developed and presented in this book.
563 ## - BINDING INFORMATION
Binding note Hardcover
650 #0 - SUBJECT ADDED ENTRY--TOPICAL TERM
Topical term or geographic name entry element Tires
General subdivision Performance.
9 (RLIN) 83847
650 #0 - SUBJECT ADDED ENTRY--TOPICAL TERM
Topical term or geographic name entry element Motor vehicles
General subdivision Dynamics.
9 (RLIN) 10006
650 #0 - SUBJECT ADDED ENTRY--TOPICAL TERM
Topical term or geographic name entry element Motor vehicles
General subdivision Tires.
9 (RLIN) 38456
650 #0 - SUBJECT ADDED ENTRY--TOPICAL TERM
Topical term or geographic name entry element Tires
General subdivision Traction.
9 (RLIN) 83848
650 #4 - SUBJECT ADDED ENTRY--TOPICAL TERM
Topical term or geographic name entry element Tires
General subdivision Performance.
9 (RLIN) 83847
650 #4 - SUBJECT ADDED ENTRY--TOPICAL TERM
Topical term or geographic name entry element Motor vehicles
General subdivision Dynamics.
9 (RLIN) 10006
650 #4 - SUBJECT ADDED ENTRY--TOPICAL TERM
Topical term or geographic name entry element Motor vehicles
General subdivision Tires.
9 (RLIN) 38456
650 #4 - SUBJECT ADDED ENTRY--TOPICAL TERM
Topical term or geographic name entry element Tires
General subdivision Traction.
9 (RLIN) 83848
650 #7 - SUBJECT ADDED ENTRY--TOPICAL TERM
Topical term or geographic name entry element Motor vehicles
General subdivision Dynamics.
Source of heading or term fast
9 (RLIN) 10006
650 #7 - SUBJECT ADDED ENTRY--TOPICAL TERM
Topical term or geographic name entry element Motor vehicles
General subdivision Tires.
Source of heading or term fast
9 (RLIN) 38456
650 #7 - SUBJECT ADDED ENTRY--TOPICAL TERM
Topical term or geographic name entry element Tires
General subdivision Performance.
Source of heading or term fast
9 (RLIN) 83847
650 #7 - SUBJECT ADDED ENTRY--TOPICAL TERM
Topical term or geographic name entry element Tires
General subdivision Traction.
Source of heading or term fast
9 (RLIN) 83848
655 #4 - INDEX TERM--GENRE/FORM
Genre/form data or focus term Electronic books.
9 (RLIN) 621
700 1# - ADDED ENTRY--PERSONAL NAME
Personal name Besselink, Igo.
9 (RLIN) 83849
776 08 - ADDITIONAL PHYSICAL FORM ENTRY
Relationship information Print version:
Main entry heading Pacejka, H.B.
Title Tire and vehicle dynamics.
Edition 3rd ed.
Place, publisher, and date of publication Oxford, UK ; Waltham, MA : Butterworth-Heinemann ; [Warrendale, PA] : Distributed in conjunction with SAE International, 2012
International Standard Book Number 9780080970165
Record control number (OCoLC)682895894
856 40 - ELECTRONIC LOCATION AND ACCESS
Uniform Resource Identifier <a href="http://www.columbia.edu/cgi-bin/cul/resolve?clio11634139">http://www.columbia.edu/cgi-bin/cul/resolve?clio11634139</a>
Public note ACADEMIC - Mechanics & Mechanical Engineering
942 ## - ADDED ENTRY ELEMENTS (KOHA)
Source of classification or shelving scheme
Koha item type Book
Holdings
Withdrawn status Lost status Source of classification or shelving scheme Damaged status Not for loan Permanent Location Current Location Shelving location Date acquired Full call number Barcode Date last seen Price effective from Koha item type
          School of Mechanical & Manufacturing Engineering (SMME) School of Mechanical & Manufacturing Engineering (SMME) General Stacks 12/17/2015 629.23 PAC SMME-2031 04/03/2018 12/17/2015 Book
© 2023 Central Library, National University of Sciences and Technology. All Rights Reserved.